000 00900nam a2200253 i 4500
001 105429
003 ES-MaACL
005 20251120063138.0
007 t|
008 060711s1970 sp |||| | cat d
080 _a335.54(467.1)"1936/39"
100 1 _aPérez Baró, Albert,
_d1902-1989
_990657
245 1 0 _aTrenta mesos de collectivisme a Catalunya, (1936-1939) /
_cAlbert Pérez Baró ; proleg de Juan Velarde Fuertes.
260 _aBarcelona :
_bAriel,
_c[1970]
300 _a242 p. :
_bil. ;
_c22 cm.
490 1 _aHores de Catalunya
650 _aColectivismo-
_zCataluña-
_y1936-1939.
_911138
700 _aVelarde Fuertes, Juan,
_9236903
_d1927-2023
830 0 _aHores de Catalunya
_9185028
852 _aES-MaACL
_jAND-224
_z. - Biblioteca Juan Andrade
_z. - Dedicatoria autógrafa del autor
852 _aES-MaACL
_jC-45597
942 _2udc
999 _c105429
_d105429